Partidos políticos en los Parlamentos Autonómicos - Estadísticas

Estadísticas generales
  • Esta prueba ha sido intentada 100 veces
    21 desde el último reinicio
  • La puntuación promedio es 29 de 44
Estadísticas de respuestas
Número de diputados Ámbito Partido político % Correcto
20 Autonómico Esquerra Republicana de Catalunya
100%
36 Autonómico Euskal Herria Bildu
100%
33 Autonómico Junts per Catalunya
100%
2 Nacional Movimiento Sumar
100%
30 Autonómico Partido Nacionalista Vasco-Euzko Alderdi Jeltzalea
100%
466 Nacional Partido Popular
100%
305 Nacional Partido Socialista Obrero Español
100%
8 Nacional Podemos
100%
125 Nacional Vox
100%
25 Autonómico Bloque Nacionalista Galego
93%
19 Autonómico Coalición Canaria
93%
24 Autonómico Más Madrid
93%
2 Autonómico Adelante Andalucía
86%
6 Autonómico Chunta Aragonesista
86%
15 Nacional Izquierda Unida
86%
9 Autonómico Més-Compromís
86%
2 Autonómico Aliança Catalana
79%
4 Autonómico Catalunya en Comú
79%
1 Regional Por Ávila
79%
1 Regional Soria ¡Ya!
79%
4 Autonómico Candidatura d'Unitat Popular
71%
4 Regional Més per Mallorca
71%
8 Autonómico Partido Regionalista de Cantabria
71%
40 Autonómico Partit dels Socialistes de Catalunya
71%
3 Regional Unión del Pueblo Leonés
71%
2 Autonómico Aragón Existe
64%
2 Regional Més per Menorca
64%
5 Autonómico Nueva Canarias-Bloque Canarista
64%
15 Autonómico Unión del Pueblo Navarro
64%
1 Regional Democracia Ourensana
57%
1 Autonómico Foro Asturias
57%
3 Regional Agrupación Socialista Gomera
43%
4 Autonómico Iniciativa del Poble Valencià
43%
1 Regional Agrupación Herreña Independiente
36%
1 Autonómico Atarrabia Taldea
36%
3 Autonómico Geroa Socialverdes
36%
5 Local Coalición por Melilla
29%
3 Local Movimiento por la Dignidad y la Ciudadanía
29%
5 Nacional Partido Verde
29%
2 Local Ceuta Ya
21%
1 Regional Sa Unió de Formentera
21%
1 Local Somos Melilla
14%
2 Autonómico Units per Avançar
14%
2 Autonómico Moviment d'Esquerres de Catalunya
7%
No se encontraron pruebas coincidentes
Distribución de puntuación
Porcentaje de gente con cada puntuación
Porcentaje por número respondido
Historial de tus puntuaciones
No has intentado esta prueba desde el último reinicio